大阪・関西万博 シャトルバスの行先 - Statistics

General Stats
  • This quiz has been taken 17 times
  • The average score is 9 of 20
Answer Stats
地域・経由高速道路 行き先 % Correct
淀川左岸 大阪駅(南)
93%
淀川左岸 大阪駅(北)
93%
空港 大阪空港
93%
空港 関西国際空港
73%
淀川左岸 新大阪駅
67%
大阪港線 南海なんば駅
67%
此花・住之江 桜島駅
60%
大阪港線 大阪阿部野橋駅
60%
4号湾岸線 堺駅
53%
5号湾岸線 阪神尼崎駅
53%
5号湾岸線 JR尼崎駅
53%
此花・住之江 コスモスクエア駅
40%
大阪港線 大阪上本町駅
40%
大阪港線 弁天町駅
33%
4号湾岸線 堺東駅
27%
淀川左岸 中之島駅
20%
関西以遠 バスタ新宿
13%
此花・住之江 アジア太平洋トレードセンター
0%
関西以遠 国分寺BT
0%
関西以遠 鳴門西PA
0%
No matching quizzes found
Score Distribution
Percent of People with Each Score
Percentile by Number Answered
Your Score History
You have not taken this quiz